La réponse est une lettre - 2 - Statistiques

Statistiques générales
  • Ce quiz a été pris 20 113 fois
  • Le résultat moyen est 17 sur 26
Statistiques - réponses
Indices Réponses % Correct
Une carence de cette vitamine peut provoquer le scorbut C
96%
Douzième consonne de l'alphabet P
90%
Cinq en chiffre romain V
84%
Lettre parfois utilisée pour remplacer le zéro O
81%
Lettre utilisée par le code international des plaques d'immatriculation pour l'Allemagne D
80%
Symbole de l'unité monétaire française avant l'euro F
80%
Lettre la plus importante sur une carte au trésor X
78%
Vitamine importante pour la vision A
76%
Phonétiquement, cette lettre peut désigner votre derrière Q
76%
Lettre désignant l'axe des ordonnées sur un graphique cartésien Y
75%
Seuls deux pays commencent par cette lettre, tous deux en Afrique Z
74%
Phonétiquement, et doublée, cette lettre peut désigné un nouveau né B
73%
Patron de James Bond M
72%
Arrivé à cette intersection, vous pouvez aller à droite ou à gauche, mais pas tout droit T
68%
Série télévisée française avec Éric Judor, Jamel Debbouze et Ramzy Bedia H
66%
Lettre par laquelle se terminent la plupart des pluriels S
64%
En musique, lettre désignant la note sol pour les anglophones G
62%
Lettre régulièrement utilisée par Apple comme préfixe pour nommé ses produits I
60%
Chaîne télévisée française créée le 23 décembre 1985 : Canal _ J
56%
En espagnol, un tilde (~) peut être placé au dessus de cette lettre N
53%
La plus grande lettre du tableau de Snellen couramment utilisée pour tester la vision E
50%
Roi de Corée de octobre 1374 à juin 1388 U
50%
Principal adversaire de Kira dans le manga Death Note L
44%
Lettre présente dans le symbole de marque déposée R
42%
Symbole atomique du Tungstène W
39%
Lettre utilisée pour représenter le nombre 1000 K
38%
Aucun quiz correspondant
Distribution des résultats
% des personnes avec chaque résultat
Percentile par nombre de réponses
Votre historique - résultats
Vous n’avez pas pris ce quiz